000 00247nam a2200109Ia 4500
005 20251222143233.0
008 251222s9999||||xx |||||||||||||| ||spa||
082 _a708.946/C76
245 0 _aImpuros:
264 _bComunidad de Madrid
942 _cLIB
999 _c14268
_d14268